Bioreactors and biotransformations

সংরক্ষণ করুন:
গ্রন্থ-পঞ্জীর বিবরন
প্রধান লেখক: Moody, G. W. (autor), Baker, P. B (Author)
বিন্যাস: গ্রন্থ
ভাষা:ইংরেজি
প্রকাশিত: Essex Elsevier Applied Science 1987
বিষয়গুলি:
ট্যাগগুলো: ট্যাগ যুক্ত করুন
কোনো ট্যাগ নেই, প্রথমজন হিসাবে ট্যাগ করুন!

MARC

LEADER 00000nam a2200000 a 4500
001 UCV6033
003 CL-VaPUC
008 890607e19870000UK |||||||||||||||||eng|d
082 0 4 |a 660.6  |b MOO  |2 21 
100 |a Moody, G. W.  |e autor  |9 300260 
700 0 |a Baker, P. B  |e author  |9 300261 
245 1 0 |a Bioreactors and biotransformations 
300 |a 406 p 
942 |c BK 
945 |d 19890607 00:00:00 
260 |a Essex  |b Elsevier Applied Science  |c 1987 
650 0 |a Biotecnología   |9 259561 
650 0 |a Congresos  |9 257560 
650 7 |a CONFERENCIAS  |2 CL-VaPUC  |9 300262 
583 |a last modification  |c 20120719 11:42:55  |k Rodrigo Vera 
999 |c 212290  |d 212288 
952 |0 0  |1 0  |4 0  |6 660_600000000000000_MOO_1987  |7 0  |8 A  |9 192951  |a BIBING  |b BIBING  |d 2019-11-14  |i 2606100  |o 660.6 MOO 1987  |p 2606100  |r 2025-01-20  |w 2019-11-14  |y BK  |k EIB